Essai sur l’inachèvement de l’homme (notice n° 1659404)
[ vue normale ]
| 000 -LEADER | |
|---|---|
| fixed length control field | 01889cam a2200181 4500500 |
| 005 - DATE AND TIME OF LATEST TRANSACTION | |
| control field | 20260208011051.0 |
| 041 ## - LANGUAGE CODE | |
| Language code of text/sound track or separate title | fre |
| 042 ## - AUTHENTICATION CODE | |
| Authentication code | dc |
| 100 10 - MAIN ENTRY--PERSONAL NAME | |
| Personal name | Vieira, António |
| Relator term | author |
| 245 00 - TITLE STATEMENT | |
| Title | Essai sur l’inachèvement de l’homme |
| 260 ## - PUBLICATION, DISTRIBUTION, ETC. | |
| Date of publication, distribution, etc. | 2026.<br/> |
| 500 ## - GENERAL NOTE | |
| General note | 42 |
| 520 ## - SUMMARY, ETC. | |
| Summary, etc. | L’homme – qu’il s’agisse du genre Homo ou de sa seule espèce qui demeure sur la biosphère, Homo sapiens – est là récemment et tout à fait par hasard. Comment pourrait-on donc prétendre qu’il est achevé ? Dans cet essai l’auteur entreprend une analyse brève, axée sur l’histoire de la biologie, des circonstances phylogénétiques, ontogénétiques et noologiques qui condamnent l’homme à l’inachèvement et les humains à une incomplétude essentielle. |
| 520 ## - SUMMARY, ETC. | |
| Summary, etc. | O homem – quer se trate do género Homo, quer da sua única espécie que permanece na biosfera, o Homo sapiens – existe há relativamente pouco tempo e por mero acaso. Como se poderia então esperar que fosse um ser acabado ? Neste ensaio, o autor empreende uma breve análise focada na história da biologia e nas circunstâncias filogenéticas, ontogenéticas e noológicas que condenam o homem ao inacabamento e os humanos a uma incompletude essencial. |
| 520 ## - SUMMARY, ETC. | |
| Summary, etc. | Humans – whether the Homo genus or Homo sapiens, the only species still living in the biosphere – have only appeared recently and quite by chance. How could they ever be said to have reached a state of achievement? In this essay, basing himself on the history of biology, the author carries out a brief analysis of the phylogenetic, ontogenetic, and noological circumstances condemning humans to incompletion and to essential non-fulfilment. |
| 786 0# - DATA SOURCE ENTRY | |
| Note | Sigila | 56 | 2 | 2026-01-20 | p. 43-53 | 1286-1715 |
| 856 41 - ELECTRONIC LOCATION AND ACCESS | |
| Uniform Resource Identifier | <a href="https://shs.cairn.info/revue-sigila-2025-2-page-43?lang=fr&redirect-ssocas=7080">https://shs.cairn.info/revue-sigila-2025-2-page-43?lang=fr&redirect-ssocas=7080</a> |
Pas d'exemplaire disponible.




Réseaux sociaux